<?xml version="1.0" encoding="UTF-8"?>
<record
    xmlns:xsi="http://www.w3.org/2001/XMLSchema-instance"
    xsi:schemaLocation="http://www.loc.gov/MARC21/slim http://www.loc.gov/standards/marcxml/schema/MARC21slim.xsd"
    xmlns="http://www.loc.gov/MARC21/slim">

  <leader>00557nam a22001937a 4500</leader>
  <controlfield tag="005">20260331153355.0</controlfield>
  <controlfield tag="008">260331b        |||||||| |||| 00| 0 eng d</controlfield>
  <datafield tag="020" ind1=" " ind2=" ">
    <subfield code="a">978-93-5316-985-5</subfield>
  </datafield>
  <datafield tag="050" ind1=" " ind2=" ">
    <subfield code="a">RC 46 .H37 2020</subfield>
  </datafield>
  <datafield tag="100" ind1=" " ind2=" ">
    <subfield code="a">JAMESON, J LARRY.</subfield>
  </datafield>
  <datafield tag="245" ind1=" " ind2=" ">
    <subfield code="a">HARRISON'S MANUAL OF MEDICINE</subfield>
  </datafield>
  <datafield tag="250" ind1=" " ind2=" ">
    <subfield code="a">20TH</subfield>
  </datafield>
  <datafield tag="260" ind1=" " ind2=" ">
    <subfield code="a">INDIA</subfield>
    <subfield code="b">McGRAW HILL EDUCATION PRIVATE LIMITED</subfield>
    <subfield code="c">2020</subfield>
  </datafield>
  <datafield tag="300" ind1=" " ind2=" ">
    <subfield code="a">XVII,1245 P, ILL</subfield>
  </datafield>
  <datafield tag="500" ind1=" " ind2=" ">
    <subfield code="a">INCLUDES INDEX AND GLOSSARY</subfield>
  </datafield>
  <datafield tag="650" ind1=" " ind2=" ">
    <subfield code="a">HEALTH</subfield>
  </datafield>
  <datafield tag="700" ind1=" " ind2=" ">
    <subfield code="a">FAUCI,  ANTHONY S.        KASPER, DENNIS L.</subfield>
  </datafield>
  <datafield tag="942" ind1=" " ind2=" ">
    <subfield code="2">lcc</subfield>
    <subfield code="c">BK</subfield>
  </datafield>
  <datafield tag="999" ind1=" " ind2=" ">
    <subfield code="c">216907</subfield>
    <subfield code="d">216907</subfield>
  </datafield>
  <datafield tag="952" ind1=" " ind2=" ">
    <subfield code="0">0</subfield>
    <subfield code="1">0</subfield>
    <subfield code="2">lcc</subfield>
    <subfield code="4">0</subfield>
    <subfield code="6">RC0046 H37  02020</subfield>
    <subfield code="7">0</subfield>
    <subfield code="8">MED</subfield>
    <subfield code="9">376615</subfield>
    <subfield code="a">KSUL</subfield>
    <subfield code="b">KSUL</subfield>
    <subfield code="c">DISPLAY</subfield>
    <subfield code="d">2026-03-31</subfield>
    <subfield code="i">112558</subfield>
    <subfield code="l">0</subfield>
    <subfield code="o">RC 46 .H37 2020</subfield>
    <subfield code="p">A000177</subfield>
    <subfield code="r">2026-03-31 15:42:00</subfield>
    <subfield code="t">1</subfield>
    <subfield code="w">2026-03-31</subfield>
    <subfield code="y">BK</subfield>
  </datafield>
  <datafield tag="952" ind1=" " ind2=" ">
    <subfield code="0">0</subfield>
    <subfield code="1">0</subfield>
    <subfield code="2">lcc</subfield>
    <subfield code="4">0</subfield>
    <subfield code="6">RC0046 H37  02020</subfield>
    <subfield code="7">0</subfield>
    <subfield code="8">MED</subfield>
    <subfield code="9">376619</subfield>
    <subfield code="a">KSUL</subfield>
    <subfield code="b">KSUL</subfield>
    <subfield code="c">DISPLAY</subfield>
    <subfield code="d">2026-03-31</subfield>
    <subfield code="i">112559</subfield>
    <subfield code="l">0</subfield>
    <subfield code="o">RC 46 .H37 2020</subfield>
    <subfield code="p">A000312</subfield>
    <subfield code="r">2026-03-31 15:44:00</subfield>
    <subfield code="t">2</subfield>
    <subfield code="w">2026-03-31</subfield>
    <subfield code="y">BK</subfield>
  </datafield>
  <datafield tag="952" ind1=" " ind2=" ">
    <subfield code="0">0</subfield>
    <subfield code="1">0</subfield>
    <subfield code="2">lcc</subfield>
    <subfield code="4">0</subfield>
    <subfield code="6">RC0046 H37  02020</subfield>
    <subfield code="7">0</subfield>
    <subfield code="8">MED</subfield>
    <subfield code="9">376621</subfield>
    <subfield code="a">KSUL</subfield>
    <subfield code="b">KSUL</subfield>
    <subfield code="c">DISPLAY</subfield>
    <subfield code="d">2026-03-31</subfield>
    <subfield code="i">112560</subfield>
    <subfield code="l">0</subfield>
    <subfield code="o">RC 46 .H37 2020</subfield>
    <subfield code="p">A000311</subfield>
    <subfield code="r">2026-03-31 15:46:00</subfield>
    <subfield code="t">3</subfield>
    <subfield code="w">2026-03-31</subfield>
    <subfield code="y">BK</subfield>
  </datafield>
  <datafield tag="952" ind1=" " ind2=" ">
    <subfield code="0">0</subfield>
    <subfield code="1">0</subfield>
    <subfield code="2">lcc</subfield>
    <subfield code="4">0</subfield>
    <subfield code="6">RC0046 H37  02020</subfield>
    <subfield code="7">0</subfield>
    <subfield code="8">MED</subfield>
    <subfield code="9">376622</subfield>
    <subfield code="a">KSUL</subfield>
    <subfield code="b">KSUL</subfield>
    <subfield code="c">DISPLAY</subfield>
    <subfield code="d">2026-03-31</subfield>
    <subfield code="i">112561</subfield>
    <subfield code="l">0</subfield>
    <subfield code="o">RC 46 .H37 2020</subfield>
    <subfield code="p">A000180</subfield>
    <subfield code="r">2026-03-31 15:48:00</subfield>
    <subfield code="t">4</subfield>
    <subfield code="w">2026-03-31</subfield>
    <subfield code="y">BK</subfield>
  </datafield>
  <datafield tag="952" ind1=" " ind2=" ">
    <subfield code="0">0</subfield>
    <subfield code="1">0</subfield>
    <subfield code="2">lcc</subfield>
    <subfield code="4">0</subfield>
    <subfield code="6">RC0046 H37  02020</subfield>
    <subfield code="7">0</subfield>
    <subfield code="8">MED</subfield>
    <subfield code="9">376741</subfield>
    <subfield code="a">KSUL</subfield>
    <subfield code="b">KSUL</subfield>
    <subfield code="c">DISPLAY</subfield>
    <subfield code="d">2026-04-14</subfield>
    <subfield code="i">112889</subfield>
    <subfield code="l">0</subfield>
    <subfield code="o">RC 46 .H37 2020</subfield>
    <subfield code="p">a001269</subfield>
    <subfield code="r">2026-04-14 10:38:11</subfield>
    <subfield code="t">5</subfield>
    <subfield code="w">2026-04-14</subfield>
    <subfield code="y">BK</subfield>
  </datafield>
  <datafield tag="952" ind1=" " ind2=" ">
    <subfield code="0">0</subfield>
    <subfield code="1">0</subfield>
    <subfield code="2">lcc</subfield>
    <subfield code="4">0</subfield>
    <subfield code="6">RC0046 H37  02020</subfield>
    <subfield code="7">0</subfield>
    <subfield code="8">MED</subfield>
    <subfield code="9">376742</subfield>
    <subfield code="a">KSUL</subfield>
    <subfield code="b">KSUL</subfield>
    <subfield code="c">DISPLAY</subfield>
    <subfield code="d">2026-04-14</subfield>
    <subfield code="i">112890</subfield>
    <subfield code="l">0</subfield>
    <subfield code="o">RC 46 .H37 2020</subfield>
    <subfield code="p">a001273</subfield>
    <subfield code="r">2026-04-14 10:40:16</subfield>
    <subfield code="t">6</subfield>
    <subfield code="w">2026-04-14</subfield>
    <subfield code="y">BK</subfield>
  </datafield>
  <datafield tag="952" ind1=" " ind2=" ">
    <subfield code="0">0</subfield>
    <subfield code="1">0</subfield>
    <subfield code="2">lcc</subfield>
    <subfield code="4">0</subfield>
    <subfield code="6">RC0046 H37  02020</subfield>
    <subfield code="7">0</subfield>
    <subfield code="8">MED</subfield>
    <subfield code="9">376743</subfield>
    <subfield code="a">KSUL</subfield>
    <subfield code="b">KSUL</subfield>
    <subfield code="c">DISPLAY</subfield>
    <subfield code="d">2026-04-14</subfield>
    <subfield code="i">112891</subfield>
    <subfield code="l">0</subfield>
    <subfield code="o">RC 46 .H37 2020</subfield>
    <subfield code="p">a001263</subfield>
    <subfield code="r">2026-04-14 10:42:20</subfield>
    <subfield code="t">7</subfield>
    <subfield code="w">2026-04-14</subfield>
    <subfield code="y">BK</subfield>
  </datafield>
</record>
